Вып. 2 : Геологический очерк Аязбасского района; Материалы по геологии Западно-Сибирского края

書誌詳細
Parent link:Материалы по геологии Западно-Сибирского края=Records of the geology of the west Siberian region/ Западно-Сибирский геологоразведочный трест. Вып. 2 : Геологический очерк Аязбасского района.— , 1933-1937
第一著者: Новоселов А. М.
その他の著者: Усов М. А. Михаил Антонович (редактор)
言語:ロシア語
出版事項: 1933
主題:
フォーマット: MixedMaterials 図書
KOHA link:https://koha.lib.tpu.ru/cgi-bin/koha/opac-detail.pl?biblionumber=202994

MARC

LEADER 00000nam2a2200000 4500
001 202994
005 20231101225126.0
035 |a (RuTPU)RU\TPU\book\221202 
035 |a RU\TPU\book\221187 
090 |a 202994 
100 |a 20111025d1933 k y0rusy50 ca 
101 0 |a rus 
102 |a RU 
105 |a b z 001zy 
200 0 |a Вып. 2 : Геологический очерк Аязбасского района  |f А. М. Новоселов 
210 |d 1933 
215 |a 22 с.  |c карта 
320 |a Библиогр. в конце ст. 
461 0 |0 (RuTPU)RU\TPU\book\221179  |t Материалы по геологии Западно-Сибирского края  |l Records of the geology of the west Siberian region  |f Западно-Сибирский геологоразведочный трест  |v Вып. 2 : Геологический очерк Аязбасского района  |d 1933-1937 
606 1 |a Геология  |y Западная Сибирь  |2 stltpush  |3 (RuTPU)RU\TPU\subj\70290  |9 84644 
610 1 |a геология 
610 1 |a Аязбасский район 
610 1 |a орография 
610 1 |a гидрография 
610 1 |a тектоника 
610 1 |a стратиграфия 
610 1 |a золотоносность 
610 1 |a библиотека М. А. Усова 
675 |a 55(571.1)  |v 3 
700 1 |a Новоселов  |b А. М. 
702 1 |a Усов  |b М. А.  |c российский геолог  |c профессор Томского технологического института  |f 1883-1939  |g Михаил Антонович  |2 stltpush  |3 (RuTPU)RU\TPU\pers\1941  |4 340 
801 1 |a RU  |b 63413507  |c 20111025 
801 2 |a RU  |b 63413507  |c 20221114  |g RCR 
942 |c BK